El Siglo de las luces

Kaydedildi:
Detaylı Bibliyografya
Yazar: Carpentier, Alejo (Yazar)
Materyal Türü: Kitap
Dil:İspanyolca
Baskı/Yayın Bilgisi: Buenos Aires Galerna 1967
Konular:
Etiketler: Etiketle
Etiket eklenmemiş, İlk siz ekleyin!

MARC

LEADER 00000nam a2200000 a 4500
001 UCH5501
003 CL-VaPUC
008 091014e19670000AG |||||||||||||||||spa|d
082 0 4 |a Cu863  |b CAR  |2 21 
100 0 |a Carpentier, Alejo  |e author  |9 317536 
245 1 3 |a El Siglo de las luces 
300 |a 423 p 
942 |c BK 
945 |d 20091014 00:00:00  |a ccalabra 
260 |a Buenos Aires  |b Galerna  |c 1967 
650 0 |a Literatura  |9 259151 
650 0 |a Literatura cubana  |9 315048 
650 0 |a Novelas cubanas  |9 268276 
650 7 |a ESCRITORES CUBANOS  |2 CL-VaPUC  |9 408781 
650 0 |a Ficción   |9 376687 
650 0 |a Lectura  |9 307634 
651 7 |a CUBA  |2 CL-VaPUC  |9 255263 
583 |a last modification  |c 20091014 00:00:00  |k Rodrigo Vera 
999 |c 336632  |d 336630